Statistics for Top 10 Swedish PL scorers

Click here to take the quiz!

General Stats

  • This quiz has been taken 28 times
  • The average score is 5 of 9

Answer Stats

HintAnswer% Correct
26Larsson
83%
17Ibrahimovic
79%
48Ljungberg
75%
9Svensson
46%
9Svensson
46%
8Mellberg
42%
19Elmander
38%
8Olsson
29%
12Alexandersson
25%

Score Distribution

Percentile by Number Answered

Percent of People with Each Score

Your Score History

You have not taken this quiz